00594cam a22002051 4500001001300000003000400013005001700017008004100034010001700075025001900092035002000111040002300131042001200154050001800166100003900184245006300223260006600286300001900352999001700371ne 64002278 DLC20260227111804.0900910s1963 le 000 1 arar  ane 64002278  aPL480:UAR-4717 a(OCoLC)22350157 aDLCcWaUdWaUdDLC apremarc00aPJ7852.A5bY31 aNuʻaymah, Mīkhāʼīl,d1889-13aal-Yawm al-akhīrc[taʼlīf] Mīkhāʼīl Nuʻaymah. aBayrūt,bDār Ṣādir lil-Ṭibaʻah wa-al-Nashr,c1963. a292 p.c20 cm. c47385d47385